000 00591nam a2200217Ia 4500
003 OSt
005 20220926042001.0
006 a|||||r|||| 00| 0
007 ta
008 220923b |||||||| |||| 00| 0 eng d
037 _cGeneral Book
040 _aRTL
_cRTL
_beng
041 _2eng
_aeng
082 _aX9(J).73.N5, J6
100 _aCauley Troy J
_9345688
245 0 _aAgriculture in an industrial economy
_b The agraria
260 _c1956
650 _aAgriculture Insdustry
942 _hX9(J).73.N5, J6
_cGB
_2CC
999 _c668584
_d668584